000 00335nam a2200145Ia 4500
005 20251222144745.0
008 251222s9999||||xx |||||||||||||| ||spa||
020 _a84-2201-262-36
082 _a209.2/T41
100 _aTeresa de Jesús, Santa
245 0 _aObras Completas
250 _a8a.ed.
264 _bCatólica
942 _cLIB
999 _c19119
_d19119